| 000 | 01122nam a2200325Ia 4500 | ||
|---|---|---|---|
| 003 | OSt | ||
| 005 | 20221007124640.0 | ||
| 006 | a|||||r|||| 00| 0 | ||
| 007 | ta | ||
| 008 | 221006b |||||||| |||| 00| 0 eng d | ||
| 020 | _a0471607118 (hbk) | ||
| 024 | _a192940 | ||
| 037 |
_b3960, 12/03/2015, Educational Book Agency (India) _cTextual |
||
| 040 |
_aCDL _cCDL _beng |
||
| 041 |
_2eng _aeng |
||
| 082 | _aC216-53:8, M9 Carc | ||
| 100 |
_aStout George H _9719956 |
||
| 245 | 0 |
_aX-ray structure determination: a practical guide _b Jensen Lyle H |
|
| 250 | _a2 | ||
| 260 |
_aCanada _bWiley _c1989 |
||
| 300 |
_axv, 453p. ill. _ccm. |
||
| 500 | _aAppendixes A-E 421-440p.; Index 441-453p. | ||
| 650 |
_a Geometric data collection _9719957 |
||
| 650 |
_a Patterson methods _9719958 |
||
| 650 |
_a Refinement of crystal structures _9719959 |
||
| 650 |
_aDiffraction of X-Rays _9716233 |
||
| 700 |
_a Jensen Lyle H _9719960 |
||
| 942 |
_hC216-53:8, M9 Carc _cTEXL _2CC |
||
| 999 |
_c1213865 _d1213865 |
||